[Event "Just 10 games"]
[Site "SchemingMind.com"]
[Date "2007.12.26"]
[Round "-"]
[White "tyler_ensor"]
[Black "fourluxflakes"]
[Result "0-1"]
[WhiteCountry "CAN"]
[BlackCountry "ENG"]
[WhiteElo "1609"]
[WhiteRD "66"]
[BlackElo "1918"]
[BlackRD "66"]
[GameID "134507"]

1. e4 c5 2. Nf3 Nc6 3. Nc3 e6 4. d4 cxd4 5. Nxd4 a6 6. Be2 Nf6 7. Nxc6 bxc6 8. e5 Nd5 9. Ne4 Be7 10. Nd6+ Bxd6
11. exd6 a5 12. c4 Nb6 13. b3 O-O
0-1

[Event "Just 10 games"]
[Site "SchemingMind.com"]
[Date "2007.12.26"]
[Round "-"]
[White "fourluxflakes"]
[Black "tyler_ensor"]
[Result "1-0"]
[WhiteCountry "ENG"]
[BlackCountry "CAN"]
[WhiteElo "1918"]
[WhiteRD "66"]
[BlackElo "1609"]
[BlackRD "66"]
[GameID "134508"]

1. e4 c6 2. Nf3 d5 3. Nc3 Bg4 4. h3 Bxf3 5. Qxf3 e6 6. d3 Nd7 7. a3 Ngf6 8. g3 Be7 9. Bg2 O-O 10. O-O Ne5
11. Qe2 d4 12. Nb1
1-0

[Event "Just 10 games"]
[Site "SchemingMind.com"]
[Date "2007.12.27"]
[Round "-"]
[White "Theodoric"]
[Black "fourluxflakes"]
[Result "1-0"]
[WhiteCountry "ENG"]
[BlackCountry "ENG"]
[WhiteElo "1875"]
[WhiteRD "59"]
[BlackElo "1894"]
[BlackRD "71"]
[GameID "134512"]

1. e4 c5 2. c3 d5 3. exd5 Qxd5 4. d4 Nc6 5. Nf3 Bg4 6. Be2 O-O-O 7. O-O Nf6 8. c4 Qh5 9. d5 e5 10. Qc2 Nb4
11. Qd1 e4 12. Qa4 Kb8 13. Bf4+ Bd6 14. Bxd6+ Rxd6 15. Nbd2 exf3 16. Bxf3 Bxf3 17. Nxf3 Nd3 18. Qc2 Nf4 19. Qb3 Ng4 20. Rfe1 Rhd8
21. Re7 Rb6 22. Qc2 Nxh2 23. Nxh2 Qg5 24. Qe4 f5 25. Qe5+ Ka8 26. Rxg7 Rg6 27. Rxg6 hxg6 28. g3 Nh5 29. Re1 Rc8 30. d6 Qd8
31. Qe7 Qxe7 32. Rxe7 Kb8 33. Re6 Rg8 34. Nf3 g5 35. Nxg5 b6 36. Nf7
1-0

[Event "Just 10 games"]
[Site "SchemingMind.com"]
[Date "2007.12.27"]
[Round "-"]
[White "fourluxflakes"]
[Black "Theodoric"]
[Result "0-1"]
[WhiteCountry "ENG"]
[BlackCountry "ENG"]
[WhiteElo "1894"]
[WhiteRD "71"]
[BlackElo "1875"]
[BlackRD "59"]
[GameID "134514"]

1. d4 Nf6 2. c4 c5 3. d5 e6 4. Nc3 exd5 5. cxd5 d6 6. e4 g6 7. f4 Bg7 8. Bb5+ Nfd7 9. a4 O-O 10. Nf3 a6
11. Bd3 Qc7 12. O-O c4 13. Bb1 Nc5 14. f5 Nbd7 15. Ba2 Nd3 16. Bb1 Qc5+ 17. Kh1 Nf2+ 18. Rxf2 Qxf2 19. Bg5 Qxb2
0-1

[Event "Just 10 games"]
[Site "SchemingMind.com"]
[Date "2007.12.27"]
[Round "-"]
[White "tyler_ensor"]
[Black "Theodoric"]
[Result "0-1"]
[WhiteCountry "CAN"]
[BlackCountry "ENG"]
[WhiteElo "1609"]
[WhiteRD "66"]
[BlackElo "1812"]
[BlackRD "60"]
[GameID "134515"]

1. e4 e6 2. d4 d5 3. Nc3 Bb4 4. e5 c5 5. a3 Bxc3+ 6. bxc3 Ne7 7. Qg4 Nf5 8. Bd3 h5 9. Qf4 cxd4 10. cxd4 Nc6
0-1

[Event "Just 10 games"]
[Site "SchemingMind.com"]
[Date "2007.12.27"]
[Round "-"]
[White "crespov"]
[Black "fourluxflakes"]
[Result "0-1"]
[WhiteCountry "CHI"]
[BlackCountry "ENG"]
[WhiteElo "1656"]
[WhiteRD "93"]
[BlackElo "1888"]
[BlackRD "75"]
[GameID "134543"]

1. c4 e5 2. Nc3 f5 3. d3 Nf6 4. f4 e4 5. dxe4 fxe4 6. g3 c6 7. Bg2 d5 8. cxd5 cxd5 9. e3 Bg4 10. Qa4+ Nc6
11. Nge2 Be7 12. O-O O-O 13. h3 Bd7 14. Qb3 Na5 15. Qd1 Be8 16. Bd2 Bf7 17. Nd4 Rc8 18. Rc1 Nc4 19. b3 Nd6 20. Kh2 a6
21. a4 Kh8 22. Qe2 Qd7 23. g4 Bd8 24. Qe1 Bc7 25. Qe2 Bb8 26. Be1 Qc7 27. Qd2 Qa5 28. Qb2 Qb6 29. Bh4 Qb4 30. Rf2 b5
31. axb5 axb5 32. Bf1 Ba7 33. Ndxb5 Nxb5 34. Nxb5 Bxe3 35. Rxc8 Rxc8 36. Rc2 Bxf4+ 37. Kh1 Rxc2 38. Qxc2 Qd2 39. Qxd2 Bxd2 40. Nd6 Bg8
41. Nf5 Bc3 42. Bf2 Ne8 43. Bc5 Nc7 44. Bd4 Bxd4 45. Nxd4 g6 46. Kg2 Kg7 47. Kg3 Kf6 48. Kf4 g5+ 49. Ke3 Ke5 50. Nc6+ Kd6
51. Nd4 Kc5 52. Be2 Ne6 53. Nc2 h6 54. Bf1 Kd6 55. Be2 Ke5 56. Bf1= d4+ 57. Kd2 d3 58. Ne3 Nc5 59. b4 Nb3+ 60. Kc3 Kf4
61. Nd1 Bd5 62. b5 Na1 63. b6 Nc2 64. Nf2 Ke3 65. Nd1+ Kf3 66. Kd2 Bb7 67. Nc3 Nb4 68. Nb5 e3+
0-1

[Event "Just 10 games"]
[Site "SchemingMind.com"]
[Date "2007.12.27"]
[Round "-"]
[White "crespov"]
[Black "Theodoric"]
[Result "1-0"]
[WhiteCountry "CHI"]
[BlackCountry "ENG"]
[WhiteElo "1694"]
[WhiteRD "83"]
[BlackElo "1812"]
[BlackRD "60"]
[GameID "134544"]

1. c4 e5 2. Nc3 d6 3. g3 f5 4. d3 Nf6 5. Bg2 Be7 6. f4 O-O 7. Nf3 Nc6 8. a3 Rb8 9. O-O Bd7 10. e3 Ng4
11. h3 Nh6 12. Nd5 exf4 13. Nxf4 Ne5 14. b4 Bf6 15. Rb1 Bc6 16. Ne6 Qd7 17. Nxf8 Rxf8 18. Bb2 Nhf7 19. Qe2 Bxf3 20. Bxf3 Nxf3+
21. Qxf3 Qe6 22. Kh2 Bxb2 23. Rxb2 c6 24. Qxf5 Qxe3 25. Rbf2 g6 26. Qd7 Qe8 27. Qxb7
1-0

[Event "Just 10 games"]
[Site "SchemingMind.com"]
[Date "2007.12.22"]
[Round "-"]
[White "crespov"]
[Black "tyler_ensor"]
[Result "1-0"]
[WhiteCountry "CHI"]
[BlackCountry "CAN"]
[WhiteElo "1694"]
[WhiteRD "83"]
[BlackElo "1609"]
[BlackRD "66"]
[GameID "134545"]

1. c4 Nf6 2. Nc3 e6 3. g3 d5 4. cxd5 exd5 5. e3 Bg4 6. Qa4+ c6 7. Nge2 Bd6 8. Bg2 Qe7 9. Nxd5 Nxd5 10. Qxg4 O-O
11. O-O Nf6 12. Qc4 Nbd7 13. b3 Ne5 14. Qc2 Rad8 15. Bb2 Ba3 16. Bd4 Ra8 17. Qc3 Bb4 18. Qc2 Ba3 19. Qc3 Bb4 20. Qc2 Ba3
21. Bb2 Bxb2 22. Qxb2 Nd3 23. Qc3 Rad8 24. Nd4 Ne5 25. f4 Ng6 26. Rfe1 Ne4 27. Qc2 Rfe8 28. d3 Nf6 29. Qb2 Qd7 30. Qd2 Nf8
31. Rac1
1-0

[Event "Just 10 games"]
[Site "SchemingMind.com"]
[Date "2007.12.27"]
[Round "-"]
[White "fourluxflakes"]
[Black "crespov"]
[Result "1-0"]
[WhiteCountry "ENG"]
[BlackCountry "CHI"]
[WhiteElo "1894"]
[WhiteRD "71"]
[BlackElo "1666"]
[BlackRD "83"]
[GameID "134546"]

1. d4 d5 2. c4 Bf5 3. Nc3 e6 4. Nf3 Nf6 5. Bg5 Be7 6. Rc1 O-O 7. e3 h6 8. Bh4 Nc6 9. Be2 Nb4 10. a3 Nc6
11. b4 a6 12. O-O Ne4 13. Bxe7 Nxe7 14. Nd2 Nf6 15. Kh1 c6 16. c5 b6 17. cxb6 Qxb6 18. Na4 Qc7 19. Nc5 a5 20. b5 Qd6
21. b6 Rab8 22. Rb1 Bxb1 23. Qxb1 Nd7 24. Nxd7 Qxd7 25. Ba6 Qd6 26. Qb2 c5 27. dxc5 Qxc5 28. Rb1 Nc8 29. b7 Nd6 30. Nf3 Qc6
31. Qb6 Qc2 32. Nd4 Qxf2 33. Nc6 Nc4 34. Bxc4 dxc4 35. Nxb8 Rxb8 36. Qc7 Qc2 37. Qxb8+ Kh7 38. Rf1 f6 39. Qf4
1-0

[Event "Just 10 games"]
[Site "SchemingMind.com"]
[Date "2007.12.27"]
[Round "-"]
[White "Theodoric"]
[Black "crespov"]
[Result "1-0"]
[WhiteCountry "ENG"]
[BlackCountry "CHI"]
[WhiteElo "1812"]
[WhiteRD "60"]
[BlackElo "1694"]
[BlackRD "83"]
[GameID "134547"]

1. e4 c5 2. c3 Nc6 3. d4 cxd4 4. cxd4 e6 5. Nf3 Nf6 6. Nc3 Be7 7. Be2 O-O 8. O-O a6 9. e5 Nd5 10. Nxd5 exd5
11. Bf4 f6 12. Qb3 fxe5 13. Qxd5+ Kh8 14. Bxe5 d6 15. Bg3 Nb4 16. Qb3 d5 17. Ne5 Nc6 18. Rad1 Bf6 19. Bf3 Ne7 20. Rfe1 b5
21. Qc3 Be6 22. Bg4 Bg8 23. Nd7 Re8 24. Nxf6 gxf6 25. Bh5 Rf8 26. Qd2 Bf7 27. Bg4 Ng6 28. Rc1 Ra7 29. Rc8 Qb6 30. Rxf8+ Nxf8
31. Qh6 Qd8 32. Re5 Bg6 33. Rxd5 Qe8 34. h4 Rf7 35. Kh2 Qe4 36. Rd8 Kg8 37. Bd6
1-0

[Event "Just 10 games"]
[Site "SchemingMind.com"]
[Date "2007.12.22"]
[Round "-"]
[White "tyler_ensor"]
[Black "crespov"]
[Result "0-1"]
[WhiteCountry "CAN"]
[BlackCountry "CHI"]
[WhiteElo "1609"]
[WhiteRD "66"]
[BlackElo "1694"]
[BlackRD "83"]
[GameID "134548"]

1. d4 d5 2. Nf3 Nf6 3. e3 e6 4. Bd3 Be7 5. Nbd2 O-O 6. O-O c5 7. c3 Nc6 8. dxc5 Bxc5 9. e4 dxe4 10. Nxe4 Nxe4
11. Bxe4 Qc7 12. Qd3 f5 13. Bxc6 Qxc6 14. Bf4 b5 15. Ne5 Qb6 16. Rad1 b4 17. Nd7 Bxd7 18. Qxd7 bxc3 19. bxc3 Rfd8 20. Qa4 h6
21. Rb1 Bxf2+ 22. Kh1 Qc5 23. Rb5 Qxc3 24. Be5 Qe3 25. Bf4 Qd4 26. Rb4 Qc5 27. Rc4 Rd4 28. Rxc5 Rxa4 29. Rxf2 Rd8 30. Rc1 Rc4
31. Kg1 Rdc8 32. Rff1 g5 33. Bd2 Kf7 34. Rxc4 Rxc4
0-1

[Event "Just 10 games"]
[Site "SchemingMind.com"]
[Date "2007.12.27"]
[Round "-"]
[White "Kroll"]
[Black "fourluxflakes"]
[Result "1-0"]
[WhiteCountry "POL"]
[BlackCountry "ENG"]
[WhiteElo "1914"]
[WhiteRD "68"]
[BlackElo "1903"]
[BlackRD "72"]
[GameID "134576"]

1. d4 Nf6 2. c4 g6 3. Nc3 Bg7 4. Nf3 O-O 5. e4 d6 6. Be2 e5 7. d5 a5 8. O-O Na6 9. Be3 Ng4 10. Bg5 f6
11. Bh4 Qe8 12. Ne1 Nh6 13. Nd3 f5 14. f3 f4 15. Bf2 g5 16. c5 g4 17. cxd6 cxd6 18. fxg4 b5 19. a3 b4 20. axb4 axb4
21. Nxb4 Nxb4 22. Rxa8 Rf7 23. Qa4 Qxa4 24. Rxc8+
1-0

[Event "Just 10 games"]
[Site "SchemingMind.com"]
[Date "2007.12.22"]
[Round "-"]
[White "Kroll"]
[Black "crespov"]
[Result "1-0"]
[WhiteCountry "POL"]
[BlackCountry "CHI"]
[WhiteElo "1956"]
[WhiteRD "63"]
[BlackElo "1694"]
[BlackRD "83"]
[GameID "134577"]

1. d4 d5 2. c4 Bf5 3. Nc3 e6 4. cxd5 exd5 5. Qb3 Nc6 6. e3 Bb4 7. Bd2 Nf6 8. Bb5 Bxc3 9. Bxc3 O-O 10. Nf3 a6
11. Be2 b5 12. Rc1 Ne7 13. Ba5 Rc8 14. O-O Ng6 15. Rc6 Be4 16. Rxa6 Kh8 17. Rc1 Ne8 18. Qxb5 f6 19. Bb4 Rg8 20. Nd2 Bf5
21. Bf3 Rb8 22. Qa5 Rc8 23. Bxd5 Bd3 24. Ra7 Qd7 25. Bxg8 Kxg8 26. Qc5 Bf5 27. e4 Be6 28. f4 Bf7 29. f5 Qd6 30. Qxd6 Nxd6
31. Bxd6
1-0

[Event "Just 10 games"]
[Site "SchemingMind.com"]
[Date "2007.12.27"]
[Round "-"]
[White "Kroll"]
[Black "Theodoric"]
[Result "0-1"]
[WhiteCountry "POL"]
[BlackCountry "ENG"]
[WhiteElo "1914"]
[WhiteRD "68"]
[BlackElo "1897"]
[BlackRD "62"]
[GameID "134578"]

1. d4 Nf6 2. c4 c5 3. d5 e6 4. Nc3 exd5 5. cxd5 d6 6. e4 g6 7. Bg5 Be7 8. Nf3 Qa5 9. Bd3 O-O 10. O-O a6
11. Qa4 Qxa4 12. Nxa4 Nbd7 13. Rac1 Re8 14. Rfe1 b5 15. Nc3 c4 16. Bc2 Ne5 17. Nxe5 dxe5 18. d6 h6 19. Bxf6 Bxf6 20. Nd5 Bd8
21. Rcd1 Re6 22. Nc7 Bxc7 23. dxc7 Re7 24. Rd8+ Kg7 25. Rd5 Rxc7 26. Rxe5 Be6 27. a4 b4 28. Ra5 b3 29. Bb1 Rd7 30. f4 Rd4
31. f5 gxf5 32. exf5 Bd7 33. Kf2 Bc6 34. g3 Rd2+ 35. Re2 Rd1 36. f6+ Kxf6 37. Rf5+ Kg7 38. Re7 Rf8 39. Be4 Bxe4 40. Rxe4 c3
41. Rg4+ Kh7
0-1

[Event "Just 10 games"]
[Site "SchemingMind.com"]
[Date "2007.12.27"]
[Round "-"]
[White "fourluxflakes"]
[Black "Kroll"]
[Result "1-0"]
[WhiteCountry "ENG"]
[BlackCountry "POL"]
[WhiteElo "1903"]
[WhiteRD "72"]
[BlackElo "1914"]
[BlackRD "68"]
[GameID "134580"]

1. d4 Nf6 2. c4 e6 3. Nf3 d5 4. Nc3 Be7 5. cxd5 exd5 6. Bg5 O-O 7. e3 Bg4 8. Be2 c6 9. O-O Nbd7 10. Rc1 h6
11. Bh4 Re8 12. h3 Bh5 13. a3 Ne4 14. Bxe7 Qxe7 15. Na2 Rac8 16. Nb4 a5 17. Nd3 Nd6 18. Nf4 Bxf3 19. Bxf3 Nf5 20. Qa4 Nxe3
21. Rfe1 Qf6 22. fxe3 g5 23. Nh5 Qg6 24. Qxa5 f5 25. Qc3 g4 26. Nf4 Qg5 27. hxg4 fxg4 28. Bxd5+ cxd5 29. Qxc8 Rxc8 30. Rxc8+ Kf7
31. Rc7 Ke8 32. Rxb7 Qh4 33. Rc1 Qg3 34. Nxd5 Qd6 35. Rc8+ Kf7 36. Rcc7 Qg3 37. Rxd7+ Ke6 38. Nf4+ Kf5 39. Rb5+
1-0

[Event "Just 10 games"]
[Site "SchemingMind.com"]
[Date "2007.12.27"]
[Round "-"]
[White "Theodoric"]
[Black "Kroll"]
[Result "1-0"]
[WhiteCountry "ENG"]
[BlackCountry "POL"]
[WhiteElo "1973"]
[WhiteRD "65"]
[BlackElo "1826"]
[BlackRD "65"]
[GameID "134582"]

1. e4 c6 2. d4 d5 3. exd5 cxd5 4. c4 Nf6 5. c5 b6 6. b4 bxc5 7. dxc5 a5 8. Qa4+ Bd7 9. Bb5 Bxb5 10. Qxb5+ Qd7
11. Na3 axb4 12. Qxb4 Nc6 13. Qb5 Rb8 14. Qd3 e5 15. Qh3 Bxc5 16. Nc2 Qxh3 17. Nxh3 O-O 18. O-O Nd4 19. Nxd4 Bxd4 20. Ba3 Rfc8
21. Rad1 Rc2 22. Bd6 Rbb2 23. a3 Ne4 24. Bxe5 Bxe5 25. Rxd5 Bf6 26. Ra5 g6 27. Ra4 Ng5 28. Nf4 Ne6 29. Nh3 Nc5 30. Ra8+ Kg7
31. a4 Ra2 32. a5 Bc3 33. a6 Nxa6 34. g3 Nb4 35. Re8 Nd3 36. Rc8 Bd4 37. Rxc2 Rxc2 38. Kg2 Rc1 39. Rxc1 Nxc1 40. Nf4 Be5
41. Nd5 Nd3 42. f4
1-0

[Event "Just 10 games"]
[Site "SchemingMind.com"]
[Date "2007.12.27"]
[Round "-"]
[White "Marbachess"]
[Black "fourluxflakes"]
[Result "1-0"]
[WhiteCountry "ITA"]
[BlackCountry "ENG"]
[WhiteElo "2062"]
[WhiteRD "84"]
[BlackElo "1918"]
[BlackRD "66"]
[GameID "134634"]

1. f4 e5 2. fxe5 d6 3. exd6 Bxd6 4. Nf3 Bg4 5. e4 Nf6 6. Nc3 O-O 7. d3 Nc6 8. Bg5 Be7 9. Qd2 Nd4 10. Be2 Nxe2
11. Nxe2 Nd7 12. Bxe7 Qxe7 13. Qc3 Bxf3 14. gxf3 Qh4+ 15. Ng3 Qf4 16. Qxg7+ Kxg7 17. Nh5+ Kh8 18. Nxf4 Ne5 19. Ke2 Ng6 20. Nxg6+ hxg6
21. Rag1 Kg7 22. h4 Kf6 23. h5
1-0

[Event "Just 10 games"]
[Site "SchemingMind.com"]
[Date "2007.12.23"]
[Round "-"]
[White "Marbachess"]
[Black "crespov"]
[Result "1-0"]
[WhiteCountry "ITA"]
[BlackCountry "CHI"]
[WhiteElo "2006"]
[WhiteRD "87"]
[BlackElo "1651"]
[BlackRD "87"]
[GameID "134635"]

1. f4 Nf6 2. b3 e6 3. Bb2 Be7 4. Nf3 Nc6 5. e3 O-O 6. Bd3 d5 7. O-O Re8 8. a3 a6 9. Nc3 Bc5 10. Qe1 e5
11. Nxe5 Nxe5 12. fxe5 Rxe5 13. Na4 d4 14. Nxc5 Rxc5 15. Bxd4 Rc6 16. Qh4 h6 17. Rf3 Bg4 18. Bxf6 Rxf6 19. Qxg4 Rxf3 20. Qxf3 b6
21. Rf1 Qe7 22. Qxa8+
1-0

[Event "Just 10 games"]
[Site "SchemingMind.com"]
[Date "2007.12.27"]
[Round "-"]
[White "Marbachess"]
[Black "Theodoric"]
[Result "1-0"]
[WhiteCountry "ITA"]
[BlackCountry "ENG"]
[WhiteElo "2006"]
[WhiteRD "87"]
[BlackElo "1834"]
[BlackRD "59"]
[GameID "134636"]

1. f4 d5 2. b3 Nf6 3. Bb2 d4 4. Nf3 c5 5. e3 dxe3 6. Bc4 Bg4 7. Ne5 exd2+ 8. Nxd2 Be6 9. Bxe6 fxe6 10. Qe2 g6
11. Qb5+ Nbd7 12. Qxb7 Nxe5 13. Bxe5 Qd5 14. Qb5+ Kf7 15. Qe2 Bg7 16. Nf3 h6 17. O-O Rad8 18. Rae1 Rc8 19. c4 Qd7 20. g3 Rc6
21. Bb2 Rb8 22. Ne5+
1-0

[Event "Just 10 games"]
[Site "SchemingMind.com"]
[Date "2007.12.22"]
[Round "-"]
[White "Marbachess"]
[Black "tyler_ensor"]
[Result "1-0"]
[WhiteCountry "ITA"]
[BlackCountry "CAN"]
[WhiteElo "2062"]
[WhiteRD "84"]
[BlackElo "1609"]
[BlackRD "66"]
[GameID "134637"]

1. f4 d5 2. b3 Nf6 3. Bb2 g6 4. d3 Bg7 5. Nd2 O-O 6. e4 dxe4 7. dxe4 Bd7 8. e5 Nd5 9. Qf3 Bc6 10. c4 Nf6
11. Qf2 Ne4 12. Nxe4 Bxe4 13. Ne2 e6 14. Nc3 Bc6 15. Ba3 Re8 16. Be2 Bf8 17. Rd1 Qc8 18. Bxf8 Rxf8 19. Bf3 Rd8 20. O-O Bxf3
21. Qxf3 Nc6 22. Ne4 Nd4 23. Qf2 Nf5 24. g4
1-0

[Event "Just 10 games"]
[Site "SchemingMind.com"]
[Date "2007.12.22"]
[Round "-"]
[White "Marbachess"]
[Black "Kroll"]
[Result "1-0"]
[WhiteCountry "ITA"]
[BlackCountry "POL"]
[WhiteElo "2062"]
[WhiteRD "84"]
[BlackElo "1956"]
[BlackRD "63"]
[GameID "134638"]

1. f4 d5 2. b3 Nf6 3. Bb2 e6 4. Nf3 Be7 5. g3 O-O 6. Bg2 c5 7. e3 Nc6 8. O-O d4 9. Ne5 Nxe5 10. fxe5 Ne8
11. exd4 cxd4 12. d3 f5 13. exf6 Bxf6 14. Ba3 Be7 15. Bxe7 Qxe7= 16. Rxf8+ Qxf8 17. Nd2 Nf6 18. Qe2 Qc5 19. Nc4 Rb8 20. Ne5 b5
21. a4 bxa4 22. Rxa4 Bb7 23. Bxb7 Rxb7 24. Rc4 Qe7 25. Nc6 Qd7 26. Nxd4 Kf7 27. Qe5 Ng4 28. Qh5+ g6 29. Qxh7+ Kf6 30. Qh8+ Kf7
31. Rc8 Qe7 32. Rg8 Qf6 33. Qh7+
1-0

[Event "Just 10 games"]
[Site "SchemingMind.com"]
[Date "2007.12.27"]
[Round "-"]
[White "fourluxflakes"]
[Black "Marbachess"]
[Result "0-1"]
[WhiteCountry "ENG"]
[BlackCountry "ITA"]
[WhiteElo "1918"]
[WhiteRD "66"]
[BlackElo "2062"]
[BlackRD "84"]
[GameID "134639"]

1. d4 f5 2. e4 fxe4 3. f3 d5 4. Nc3 Nf6 5. Be3 Nc6 6. Qd2 e5 7. dxe5 Nxe5 8. fxe4 Bb4 9. O-O-O Bg4 10. Be2 dxe4
11. Qxd8+ Rxd8 12. Rxd8+ Kxd8 13. Bxg4 Nexg4 14. Bd4 Bxc3 15. bxc3 Re8 16. h3 Ne5 17. Ne2 b6 18. Rd1 Kc8 19. Ng3 c5 20. Bg1 Nc4
21. Re1 Re6 22. Nf5 Nd5 23. Ne3 Ndxe3 24. Bxe3 Kc7 25. g4 Rf6 26. h4 Rf3 27. Bg1 Kc6 28. Kd1 Kd5 29. g5 a6 30. Ke2 Rxc3
0-1

[Event "Just 10 games"]
[Site "SchemingMind.com"]
[Date "2007.12.23"]
[Round "-"]
[White "crespov"]
[Black "Marbachess"]
[Result "0-1"]
[WhiteCountry "CHI"]
[BlackCountry "ITA"]
[WhiteElo "1651"]
[WhiteRD "87"]
[BlackElo "2006"]
[BlackRD "87"]
[GameID "134640"]

1. c4 f5 2. Nc3 Nf6 3. e3 d6 4. d4 e5 5. dxe5 dxe5 6. Nf3 Qxd1+ 7. Nxd1 Nc6 8. a3 e4 9. Nd4 Nxd4 10. exd4 c6
11. Be2 Be7 12. O-O O-O 13. Be3 Re8 14. b4 Be6 15. Nb2 g6 16. h3 a5 17. Bd2 axb4 18. axb4 b6 19. c5 b5 20. f3 Nd5
21. fxe4 fxe4 22. Nd1 Rxa1
0-1

[Event "Just 10 games"]
[Site "SchemingMind.com"]
[Date "2007.12.27"]
[Round "-"]
[White "Theodoric"]
[Black "Marbachess"]
[Result "0-1"]
[WhiteCountry "ENG"]
[BlackCountry "ITA"]
[WhiteElo "1834"]
[WhiteRD "59"]
[BlackElo "2006"]
[BlackRD "87"]
[GameID "134641"]

1. e4 e6 2. d4 c5 3. d5 exd5 4. exd5 d6 5. Nf3 Nf6 6. Bb5+ Bd7 7. Bxd7+ Nbxd7 8. O-O Be7 9. Nc3 O-O 10. Re1 Re8
11. Bf4 Nh5 12. Be3 Nb6 13. Nd2 g6 14. Bh6 Bf6 15. Rxe8+ Qxe8 16. Kf1 Bxc3 17. bxc3 Qe5 18. c4 Qxh2 19. Be3 Re8 20. Ke2 Nf4+
21. Ke1 Nxg2+
0-1

[Event "Just 10 games"]
[Site "SchemingMind.com"]
[Date "2007.12.22"]
[Round "-"]
[White "tyler_ensor"]
[Black "Marbachess"]
[Result "0-1"]
[WhiteCountry "CAN"]
[BlackCountry "ITA"]
[WhiteElo "1679"]
[WhiteRD "68"]
[BlackElo "2006"]
[BlackRD "87"]
[GameID "134642"]

1. d4 f5 2. g3 Nf6 3. Bg2 g6 4. Nf3 Bg7 5. O-O O-O 6. c4 d6 7. Nc3 Nc6 8. Bg5 h6 9. Bxf6 Bxf6 10. e3 e6
11. Qd3 Bg7 12. Rad1 Kh7 13. Rfe1 e5 14. Nxe5 dxe5 15. Bxc6 bxc6 16. dxe5 Qxd3 17. Rxd3 Bxe5 18. Red1 a5 19. Rd8 Be6 20. Rxf8 Rxf8
21. h4 Bxc4
0-1

[Event "Just 10 games"]
[Site "SchemingMind.com"]
[Date "2007.12.22"]
[Round "-"]
[White "Kroll"]
[Black "Marbachess"]
[Result "0-1"]
[WhiteCountry "POL"]
[BlackCountry "ITA"]
[WhiteElo "1956"]
[WhiteRD "63"]
[BlackElo "2062"]
[BlackRD "84"]
[GameID "134643"]

1. d4 f5 2. e4 fxe4 3. Nc3 Nf6 4. f3 d5 5. fxe4 dxe4 6. Bg5 Bf5 7. Bc4 Nc6 8. Nge2 e6 9. O-O Be7 10. Bb5 Qd6
11. Bf4 Qd7 12. Qe1 O-O 13. Rd1 a6 14. Ba4 Bg4 15. h3 Bh5 16. Be5= Nd5 17. Qg3 g6 18. Rxf8+ Rxf8 19. Bxc6 Qxc6 20. Re1 Bb4
21. a3 Bxe2 22. Rxe2 Bxc3 23. bxc3 Qc4 24. Qg4 Nxc3 25. Rf2 Rxf2 26. Kxf2 Qc6 27. Qf4 e3+ 28. Ke1 Qxg2 29. Qh2 Qf3
0-1